000
00294 a2200133 4500
999
_c
286633
_d
286633
001
51560
003
NUST
038
_a
Jawad
082
_a
530
100
_a
Hussain T
_9
13910
245
_a
Fundamentals of Physics (Vol-I)
260
_a
Hyderabad
_b
Royal Book Depot
942
_a
NUST-CAE
_c
BK
_2
ddc